Social policy of the American welfare state : an introduction to policy analysis/

Tallennettuna:
Bibliografiset tiedot
Päätekijä: Morris, Robert, 1910-
Aineistotyyppi: Kirja
Kieli:English
Julkaistu: New York : Harper & Row, c1979.
Sarja:Harper series in social work
Aiheet:
LEADER 01072nam a2200289 i 4500
001 c000063617
003 CARM
005 00000000000000.0
008 780620s1979 nyu b 00110 eng
019 1 |a 1220745  |5 LACONCORD2021 
020 |a 0060446188 
035 |a (OCoLC)4037195  |5 LACONCORD2021 
043 |a n-us--- 
050 0 0 |a HN65  |b .M614 
100 1 |a Morris, Robert,  |d 1910- 
245 1 0 |a Social policy of the American welfare state :  |b an introduction to policy analysis/  |c Robert Morris. 
260 |a New York :  |b Harper & Row,  |c c1979. 
300 |a xvi, 208 p. ;  |c 24 cm. 
490 0 |a Harper series in social work 
504 |a Includes bibliographies and index. 
650 0 |a Housing policy  |z United States. 
650 0 |a Public welfare  |z United States. 
651 0 |a United States  |x Social policy. 
852 8 |b CARM  |h A2:AI25E0  |i C04310  |p 0177171  |f BK 
082 0 4 |a 361/.973 
999 f f |i 809295d7-361a-5b97-831c-b99249c226c9  |s c12469c7-9f35-51e3-963d-7e5e9951f84d 
952 f f |p Can circulate  |a CAVAL  |b CAVAL  |c CAVAL  |d CARM 1 Store  |e C04310  |f A2:AI25E0  |h Other scheme  |i book  |m 0177171